| 000 | 01166nam a2200289 i 4500 | ||
|---|---|---|---|
| 001 | bg | ||
| 245 | 0 | 0 |
_aSondaże opinii społecznej, samowiedza współczesnych społeczeństw / _cpraca pod red. Zygmunta Gostkowskiego, Pawła Daniłowicza ; Instytut Socjologii Uniwersytetu Łódzkiego. |
| 260 |
_aŁódź ; _aWarszawa : _bWydaw. Instytutu Filozofii i Socjologii PAN [Polskiej Akademii Nauk], _c2001. |
||
| 300 |
_a260 s. : _bil. ; _c21 cm. |
||
| 490 | 1 |
_aAnalizy i próby technik badawczych w socjologii ; _vt. 10 |
|
| 500 | _aStreszcz. ang. | ||
| 504 | _aBibliogr. przy pracach. | ||
| 650 | 9 |
_aOpinia publiczna _xbadanie _xmetody _zPolska _yod 1989 r. |
|
| 700 | 1 |
_aGOSTKOWSKI, Zygmunt. _eRed. |
|
| 700 | 1 |
_aDANIŁOWICZ, Paweł. _eRed. |
|
| 710 | 0 |
_aUniwersytet Łódzki _bInstytut Socjologii |
|
| 830 | _aAnalizy i próby technik badawczych w socjologii ; | ||
| 020 | _a8387632929 (t. 10) | ||
| 020 | _a8304020378 (całość) | ||
| 040 | _cBPK | ||
| 041 | 0 |
_apl _ben |
|
| 080 | _a303.4/.8:316.65](438)"1989/..." | ||
| 920 | _a83-87632-92-9 (t. 10) | ||
| 920 | _a83-04-02037-8 (całość) | ||
| 942 | _cKS | ||
| 008 | s pl f |000 0 pol | ||
| 999 |
_c41132 _d41132 |
||
| 856 |
_uhttp://koha.tu.koszalin.pl/cgi-bin/koha/opac-detail.pl?biblionumber=41132 _yKatalog online BPK |
||